MCQs in Clinical Pharmacy (Record no. 5693)

MARC details
000 -LEADER
fixed length control field 00564nam a22002057a 4500
003 - CONTROL NUMBER IDENTIFIER
control field OSt
005 - DATE AND TIME OF LATEST TRANSACTION
control field 20170320182803.0
008 - FIXED-LENGTH DATA ELEMENTS--GENERAL INFORMATION
fixed length control field 170320b xxu||||| |||| 00| 0 eng d
020 ## - INTERNATIONAL STANDARD BOOK NUMBER
International Standard Book Number 9780853696667
040 ## - CATALOGING SOURCE
Transcribing agency DMLN
082 ## - DEWEY DECIMAL CLASSIFICATION NUMBER
Classification number QV18 C61c 2007
100 ## - MAIN ENTRY--PERSONAL NAME
Personal name Edited by Azzopardi, Lilian M.
9 (RLIN) 11856
245 ## - TITLE STATEMENT
Title MCQs in Clinical Pharmacy
260 ## - PUBLICATION, DISTRIBUTION, ETC. (IMPRINT)
Place of publication, distribution, etc. London; Pharmaceutical Press, 2007
300 ## - PHYSICAL DESCRIPTION
Extent xxv,276p; ill: 24cm
504 ## - BIBLIOGRAPHY, ETC. NOTE
Bibliography, etc Appendices & indices included
650 ## - SUBJECT ADDED ENTRY--TOPICAL TERM
Topical term or geographic name as entry element Pharmacy MCQs
9 (RLIN) 8918
650 ## - SUBJECT ADDED ENTRY--TOPICAL TERM
Topical term or geographic name as entry element Clinical pharmacy
9 (RLIN) 11857
942 ## - ADDED ENTRY ELEMENTS (KOHA)
Source of classification or shelving scheme Other/Generic Classification Scheme
Koha item type Short Loan
Holdings
Withdrawn status Lost status Source of classification or shelving scheme Damaged status Not for loan Home library Current library Date acquired Source of acquisition Inventory number Total Checkouts Full call number Barcode Date last seen Koha item type
    Other/Generic Classification Scheme     Pharmacy Department Library Pharmacy Department Library 20/03/2017 Purchase 11/00231   QV18 C61c 2007 2017-0413 20/03/2017 Short Loan
    Other/Generic Classification Scheme     Pharmacy Department Library Pharmacy Department Library 20/03/2017 Purchase 11/00232   QV18 C61c 2007 2017-0414 20/03/2017 Short Loan